Bližšie ku skutočným požiarom

Bibliographic Details
Main Author: Osvald, Anton, 1952- (Author)
Format: Article
Language:Slovak
PhysicalDescription:Sch. 1.
Subjects:

MARC

LEADER 00000nab a2200000 a 4500
001 vtls000307077
003 SK-MaSNL
005 20260302214813.0
008 220422c1988 xo 0 slo
015 |a SNBRB19rr/mm-uuuuu 
035 |a CL0317196 
040 |a SNKBUCL  |b slo  |c SNKBUCL  |e AACR2 
041 0 |a slo 
044 |a xo  |c SK 
080 |a 614.841.34:620.264  |2 1981 
080 |a 620.264  |2 1981 
100 1 |a Osvald, Anton,  |d 1952-  |4 aut  |9 85693 
245 1 0 |a Bližšie ku skutočným požiarom  |c Anton Osvald 
300 |b Sch. 1. 
650 0 7 |a drevo  |2 snkbucl  |9 3560 
650 0 7 |a materiály horľavé  |2 snkbucl  |9 942509 
655 7 |a články z novín a časopisov  |2 snkbucl  |9 267496 
773 0 |t Požiarnik  |g Roč. 65, č. 6 (1988), s. 12 
850 |a Slovenská národná knižnica v Martine  |a MTA001 
852 |a SNK  |b KIS3GCP 
958 |a RK 
958 |a ME 
992 |a RBX 
999 |c 1499649  |d 1501579